| 000 | 01955cam a2200217 4500500 | ||
|---|---|---|---|
| 005 | 20260208003652.0 | ||
| 041 | _afre | ||
| 042 | _adc | ||
| 100 | 1 | 0 |
_aSerre, Solveig _eauthor |
| 700 | 1 | 0 |
_aKniaz, Alix _eauthor |
| 700 | 1 | 0 |
_aSoleiman, François _eauthor |
| 245 | 0 | 0 | _aPanem et circenses. Les rois finançaient-ils les spectacles sous l’Ancien Régime ? |
| 260 | _c2022. | ||
| 500 | _a59 | ||
| 520 | _aL’Ancien Régime n’a pas développé un soutien financier systématique pour les arts. Cependant, l’octroi de privilèges à certaines institutions resserre durablement les liens existants entre le politique et la Culture. Les évolutions postérieures, de la Révolution française à nos jours, en portent d’ailleurs la trace. En se concentrant sur l’exemple de l’Opéra de Paris, cet entretien révèle comment les productions culturelles, tantôt disciplinées, tantôt subversives, ont suscité l’attention des puissants et de leurs détracteurs durant cette période. | ||
| 520 | _aThe Ancien Régime had not developed systematic financial support for art. However, the granting of privileges to certain institutions sustainably strengthened the links between politics and culture. From the Revolution to the present days, the subsequent developments of theses links are influenced by this period. Focusing on the example of the Paris Opera, this interview reveals how cultural production, at times disciplined, at others subversive, attracted the attention of the leaders and their opponent during this epoch. | ||
| 690 | _aAncien Régime ; privilèges ; Opéra de Paris ; absolutisme ; hiérarchie culturelle | ||
| 690 | _aAncien Régime; privileges; Paris Opera; absolutism; cultural hierarchy | ||
| 786 | 0 | _nRegards croisés sur l'économie | 30-31 | 1 | 2022-11-22 | p. 17-27 | 1956-7413 | |
| 856 | 4 | 1 | _uhttps://shs.cairn.info/revue-regards-croises-sur-l-economie-2022-1-page-17?lang=fr&redirect-ssocas=7080 |
| 999 |
_c1648482 _d1648482 |
||